000 00596 a2200181 4500
020 _a8479602732
082 _a861
_bC574c
100 _aCaudet, Francisco
_9356
245 _aCinco poetas espaǫes. Antologa̕ Polt̕ica.
_bAntonio Machado, Juan Ramn̤ Jimňez, Federico Garca̕ Lorca, Vicente Aleixandre y Rafael Alberti
300 _a127
_c21cm
650 _aPoesa̕ Espaǫla
_9357
650 _aAntonio Machado
_9358
650 _aJuan Ramn̤ Jimňez
_9359
650 _aVicente Aleixandre
_9360
650 _aRafael Alberti
_9361
650 _aFederico Garca̕ Lorca
_9362
650 _aAntologa̕
_9363
999 _c71
_d71